| 000 | 00981nac a22002891i 4500 | ||
|---|---|---|---|
| 003 | EG-ScBUE | ||
| 005 | 20241111152552.0 | ||
| 008 | 241111t2004 nyua f b 001 0 eng d | ||
| 020 | _a0387403981 (acid-free paper) | ||
| 020 | _a9780387403984 | ||
| 040 |
_aEG-ScBUE _beng _erda _cEG-ScBUE _dEG-ScBUE |
||
| 082 | 0 | 4 |
_a519.3 _bPED _222 |
| 100 | 1 |
_aPedregal, Pablo, _eauthor. |
|
| 245 | 1 | 0 |
_aIntroduction to optimization / _cPablo Pedregal. |
| 264 | 1 |
_aNew York : _bSpringer, _c[2004] |
|
| 264 | 4 | _cc2004 | |
| 300 |
_ax, 245 pages : _billustrations ; _c24 cm. |
||
| 336 |
_2rdacontent _atext _btxt |
||
| 337 |
_aunmediated _2rdamedia _bn |
||
| 338 |
_avolume _bnc _2rdacarrier |
||
| 490 | 0 |
_aTexts in applied mathematics ; _v46 |
|
| 504 | _aIncludes bibliographical references and index. | ||
| 650 | 7 |
_aMathematical optimization. _2BUEsh |
|
| 655 | _vReading book | ||
| 856 | 4 | 1 |
_3Table of contents _uhttp://www.loc.gov/catdir/toc/fy043/2003053895.html |
| 942 |
_cBB _2ddc |
||
| 999 |
_c1271 _d1271 |
||